<?xml version="1.0" encoding="UTF-8"?>
<record
    xmlns:xsi="http://www.w3.org/2001/XMLSchema-instance"
    xsi:schemaLocation="http://www.loc.gov/MARC21/slim http://www.loc.gov/standards/marcxml/schema/MARC21slim.xsd"
    xmlns="http://www.loc.gov/MARC21/slim">

  <leader>02140cam a2200277   4500500</leader>
  <controlfield tag="005">20260426012248.0</controlfield>
  <datafield tag="041" ind1=" " ind2=" ">
    <subfield code="a">fre</subfield>
  </datafield>
  <datafield tag="042" ind1=" " ind2=" ">
    <subfield code="a">dc</subfield>
  </datafield>
  <datafield tag="100" ind1="1" ind2="0">
    <subfield code="a">Constant, Jacques</subfield>
    <subfield code="e">author</subfield>
  </datafield>
  <datafield tag="245" ind1="0" ind2="0">
    <subfield code="a">Trajectoires d'une personne autiste et d'une personne psychotique de l'enfance &#xE0; l'&#xE2;ge adulte</subfield>
  </datafield>
  <datafield tag="260" ind1=" " ind2=" ">
    <subfield code="c">2008.
							</subfield>
  </datafield>
  <datafield tag="500" ind1=" " ind2=" ">
    <subfield code="a">49</subfield>
  </datafield>
  <datafield tag="520" ind1=" " ind2=" ">
    <subfield code="a">R&#xE9;sum&#xE9;Les trajectoires de vie de deux personnes souffrant de troubles envahissants du d&#xE9;veloppement &#x2013; forme typique (autisme de Kanner) et forme atypique (psychose avec une co-morbidit&#xE9; de troubles de l&#x2019;attachement) &#x2013; sont &#xE9;voqu&#xE9;es du point de vue des contre-attitudes que leur psychopathologie respective a induite chez les soignants qui les ont accompagn&#xE9;s &#xE0; travers les &#xE2;ges de la vie et les passages de l&#x2019;enfance &#xE0; l&#x2019;adolescence puis &#xE0; l&#x2019;adultance. La contradiction entre la permanence des troubles psychopathologiques et l&#x2019;&#xE9;volutivit&#xE9; des positions soignantes, selon les &#xE2;ges de leur vie, trouve sa r&#xE9;solution partielle dans la r&#xE9;f&#xE9;rence aux conceptions de Paul Ric&#x153;ur sur les paradoxes de l&#x2019;identit&#xE9;.</subfield>
  </datafield>
  <datafield tag="520" ind1=" " ind2=" ">
    <subfield code="a">We describe the courses of life and care of two Autistic Syndrom Disorders (one typical and one atypical) since 7 and 6 to 39 and 26 years old. The representation of &#xAB;&#xA0;ages of life&#xA0;&#xBB; is necessary for the common people but for them their psychopathology is not according with a self perception of time lag. On the one hand the permanency of troubles illustrates the identity &#xAB;&#xA0;idem&#xA0;&#xBB; in the identity paradox of Paul Ric&#x153;ur, on the other hand the therapist narration give them a identity &#xAB;&#xA0;ipse&#xA0;&#xBB; by their inscription in a common story.</subfield>
  </datafield>
  <datafield tag="690" ind1=" " ind2=" ">
    <subfield code="a">adolescence</subfield>
  </datafield>
  <datafield tag="690" ind1=" " ind2=" ">
    <subfield code="a">enfance</subfield>
  </datafield>
  <datafield tag="690" ind1=" " ind2=" ">
    <subfield code="a">passage</subfield>
  </datafield>
  <datafield tag="690" ind1=" " ind2=" ">
    <subfield code="a">position soignante</subfield>
  </datafield>
  <datafield tag="690" ind1=" " ind2=" ">
    <subfield code="a">troubles envahissants du d&#xE9;veloppement</subfield>
  </datafield>
  <datafield tag="690" ind1=" " ind2=" ">
    <subfield code="a">adolescence</subfield>
  </datafield>
  <datafield tag="690" ind1=" " ind2=" ">
    <subfield code="a">asd&#xA0;: Autistic Syndrom Disorders</subfield>
  </datafield>
  <datafield tag="690" ind1=" " ind2=" ">
    <subfield code="a">childhood</subfield>
  </datafield>
  <datafield tag="690" ind1=" " ind2=" ">
    <subfield code="a">passing through</subfield>
  </datafield>
  <datafield tag="786" ind1="0" ind2=" ">
    <subfield code="n">Enfances &amp;amp; Psy | 38 | 1 | 2008-05-27 | p. 79-89 | 1286-5559</subfield>
  </datafield>
  <datafield tag="856" ind1="4" ind2="1">
    <subfield code="u">https://shs.cairn.info/revue-enfances-et-psy-2008-1-page-79?lang=fr&amp;redirect-ssocas=7080</subfield>
  </datafield>
  <datafield tag="999" ind1=" " ind2=" ">
    <subfield code="c">2223815</subfield>
    <subfield code="d">2223815</subfield>
  </datafield>
</record>
